| 000 | 00440nam a22001457a 4500 | ||
|---|---|---|---|
| 082 |
_a355 _bGUI _cL-40, P-65 |
||
| 100 |
_aSupply and transport dierectorate _948641 |
||
| 245 | _aGuidelines for study staff course entrance exam | ||
| 260 |
_aNowshera _bASC School press _c2004 |
||
| 300 |
_a211 p. _bill. |
||
| 526 |
_a0 _b0 _c0 _d355_000000000000000_GUI |
||
| 526 |
_a0 _b0 _c0 _d355_000000000000000_GUI |
||
| 650 |
_aMCE _9379 |
||
| 942 |
_2ddc _cBK |
||
| 999 |
_c551525 _d551525 |
||